000 00713nam a2200229 i 4500
001 13951
003 ES-MaACL
005 20250320063055.0
007 t|
008 980820s1998 sp ||||1| spa d
020 _a84-87311-10-5
080 _a821.134.2-14"19"
100 _aIglesias Benítez, José,
_9236908
_d1955-2020
245 1 0 _aClamor de la memoria /
_cJosé Iglesias Benítez.
260 _aMadrid :
_bAsociación Cultural Beturia,
_c[1998]
300 _a68 p. ;
_c21 cm.
490 1 _aColección Dávila ;
_v12
830 0 _aColección Dávila ;
_v12
_9178429
852 _aES-MaACL
_jL-21330
_bR.126717
_q. - Ded. autógr. del autor
942 _2udc
999 _c13951
_d13951